International finance and trade in a polycentric world

Enregistré dans:
Détails bibliographiques
Auteur principal: Borner, Silvio
Format: Livre
Langue:Undetermined
Publié: New York Macmillan Press 1988
Sujets:
Tags: Ajouter un tag
Pas de tags, Soyez le premier à ajouter un tag!
Thư viện lưu trữ: Trung tâm Học liệu Trường Đại học Cần Thơ
LEADER 00527nam a2200181Ia 4500
001 CTU_81386
008 210402s9999 xx 000 0 und d
082 |a 332.042 
082 |b B736 
100 |a Borner, Silvio 
245 0 |a International finance and trade in a polycentric world 
245 0 |c Silvio Borner 
260 |a New York 
260 |b Macmillan Press 
260 |c 1988 
650 |a International finance,International trade 
904 |i Trọng Hải 
980 |a Trung tâm Học liệu Trường Đại học Cần Thơ